Poner las manos al fuego. Ordalías, duelos y venganzas en la Edad Media.
I tiakina i:
| Kaituhi matua: | |
|---|---|
| Hōputu: | Pukapuka |
| Reo: | Pāniora |
| I whakaputaina: |
Concepción, Chile:
Ediciones Universidad del Bío-Bío,
2014.
|
| Putanga: | Primera edición. |
| Ngā marau: | |
| Ngā Tūtohu: |
Tāpirihia he Tūtohu
Kāore He Tūtohu, Me noho koe te mea tuatahi ki te tūtohu i tēnei pūkete!
|
MARC
| LEADER | 00000cam a2200000 a 4500 | ||
|---|---|---|---|
| 001 | UCE3171 | ||
| 003 | CL-VaPUC | ||
| 005 | 20220822114407.0 | ||
| 008 | 140821e20140500cl |||||||||||||||||spa|d | ||
| 999 | |c 356595 |d 356593 | ||
| 020 | |a 978-956-9275-25-8 | ||
| 040 | |c Pontificia Universidad Católica de Valparaíso | ||
| 082 | 0 | 4 | |a 940.1 ROJ 2014 |2 21 |
| 100 | 0 | |a Rojas Donat, Luis |9 575655 |e autor | |
| 245 | 1 | 0 | |a Poner las manos al fuego. |b Ordalías, duelos y venganzas en la Edad Media. |
| 250 | |a Primera edición. | ||
| 260 | |a Concepción, Chile: |b Ediciones Universidad del Bío-Bío, |c 2014. | ||
| 300 | |a 478 páginas. | ||
| 500 | |a c.3 Donación Familia Prof. Alejandro Guzmán Brito. | ||
| 583 | |a last modification |c 20140821 14:35:00 |k Rodrigo Vera | ||
| 650 | 0 | |a Edad media |9 258041 | |
| 650 | 0 | |a Historia medieval |9 258042 | |
| 650 | 0 | |a Civilización medieval |9 265320 | |
| 650 | 0 | |a Historia de Europa |9 392003 | |
| 942 | |c BK |2 ddc |n 0 | ||
| 945 | |d 20140821 14:35:00 |a dcastane | ||
| 952 | |0 0 |1 0 |2 ddc |3 erb |4 0 |6 940_100000000000000_ROJ_2014 |7 0 |8 A |9 464043 |a BIBHIS |b BIBHIS |i 5095891 |o 940.1 ROJ 2014 |p 5095891 |r 2025-01-20 |t 1 |w 2019-11-23 |y BK |z Catalogado en:20140821 |k HIS | ||
| 952 | |0 0 |1 0 |2 ddc |3 erb |4 0 |6 940_100000000000000_ROJ_2014 |7 0 |8 A |9 464044 |a BIBHIS |b BIBHIS |i 5118875 |o 940.1 ROJ 2014 |p 5118875 |r 2025-01-20 |t 2 |w 2019-11-23 |y BK |z Catalogado en:20141016 |k HIS | ||
| 952 | |0 0 |1 0 |2 ddc |4 0 |6 940_100000000000000_ROJ_2014 |7 1 |8 C_AGB |9 581261 |a BIBDER |b BIBDER |d 2022-02-09 |e Donación |i 5646073 |o 940.1 ROJ 2014 |p 5646073 |r 2023-01-25 |t 3 |w 2022-02-09 |y BK_US |k AGB | ||